000 nam a22 7a 4500
999 _c126732
_d126732
008 170822b xxu||||| |||| 00| 0 eng d
050 _aP106.T66
100 _aTollefson, Stephen K.
_935021
245 _aReading and writing about language
_c/ Stephen K.Tollefson
260 _aCarlifonia
_bWadsworth Publishing Company
_c1980
300 _avii, 357p. ;
_c24cm
650 _aLanguage and languages
_xAddresses, essays, lectures
_935022
650 _aEnglish language
_xComposition and exercises
_935023
700 _aScott, Davis Kimberly
_935024
942 _2lcc
_cMONOGRAPH